Missing Word: TV Show 6-Letter Beginning (A-Z) Quiz Stats

 Plays Quiz Updated Aug 7, 2017

Support Sporcle.
Go Orange.
Score 0/25 Timer 03:00
2 Plays Today
Hint Answer % Correct
(H) ______ Five-OHawaii
94.8%
(S) ______-Doo, Where Are You!Scooby
94.3%
(M) ______, She WroteMurder
94%
(D) ______ WhoDoctor
90.7%
(J) ______ ShoreJersey
89.3%
(F) ______ and GeeksFreaks
88.3%
(A) ______ of S.H.I.E.L.D.Agents
88.1%
(K) ______ RiderKnight
87%
(U) ______ States of TaraUnited
83.9%
(T) ______ a CrowdThree's
80.1%
(B) ______ LegalBoston
79.3%
(C) ______ and LaceyCagney
78.7%
(V) ______ to the Bottom of the SeaVoyage
67.8%
Hint Answer % Correct
(Q) ______, M.E. Quincy
64.1%
(R) ______ by WolvesRaised
59.9%
(E) ______ Encore!Encore!
57.9%
(P) ______ SquadPolice
56.3%
(I) ______ Amy SchumerInside
51.9%
(O) ______ BlackOrphan
47.8%
(L) ______ BritainLittle
46.9%
(G) ______ GirlGossip
45.2%
(N) ______ 10Number
34.8%
(W) ______ ShowzenWonder
26.5%
(X) ______: Renegade AngelXavier
13.6%
(Z) ______ House FlippingZombie
10.5%

Today's Daily Dose

Word Ladder
New Dimensions!

Quick Pick
'Animal' Fish

Get the Picture
Bird or Food?

You're not logged in!

Compare scores with friends on all Sporcle quizzes.
OR
Log In
Forgot?

From the Vault

1990s Song Title Beginnings II

by ghcgh

Be careful, or these might be stuck in your head all day long.
Remove Ads.
Support Sporcle.
Get the best of Sporcle when you Go Orange. This ad-free experience offers more features, more stats, and more fun while also helping to support Sporcle. Thank you for becoming a member.

Show Comments

Extras

Top Quizzes Today


Score Distribution

Your Account Isn't Verified!

In order to create a playlist on Sporcle, you need to verify the email address you used during registration. Go to your Sporcle Settings to finish the process.

Report this User

Report this user for behavior that violates our Community Guidelines.

Details: